<?xml version="1.0" encoding="UTF-8"?><?xml-stylesheet type="text/xsl" href="static/style.xsl"?><OAI-PMH xmlns="http://www.openarchives.org/OAI/2.0/" xmlns:xsi="http://www.w3.org/2001/XMLSchema-instance" xsi:schemaLocation="http://www.openarchives.org/OAI/2.0/ http://www.openarchives.org/OAI/2.0/OAI-PMH.xsd"><responseDate>2026-04-17T20:12:02Z</responseDate><request verb="GetRecord" identifier="oai:www.recercat.cat:2445/165345" metadataPrefix="marc">https://recercat.cat/oai/request</request><GetRecord><record><header><identifier>oai:recercat.cat:2445/165345</identifier><datestamp>2025-12-05T05:28:49Z</datestamp><setSpec>com_2072_1057</setSpec><setSpec>col_2072_478857</setSpec><setSpec>col_2072_478917</setSpec></header><metadata><record xmlns="http://www.loc.gov/MARC21/slim" xmlns:dcterms="http://purl.org/dc/terms/" xmlns:xsi="http://www.w3.org/2001/XMLSchema-instance" xmlns:doc="http://www.lyncode.com/xoai" xsi:schemaLocation="http://www.loc.gov/MARC21/slim http://www.loc.gov/standards/marcxml/schema/MARC21slim.xsd">
   <leader>00925njm 22002777a 4500</leader>
   <datafield ind2=" " ind1=" " tag="042">
      <subfield code="a">dc</subfield>
   </datafield>
   <datafield ind2=" " ind1=" " tag="720">
      <subfield code="a">Fargas Peñarrocha, María Adela</subfield>
      <subfield code="e">author</subfield>
   </datafield>
   <datafield ind2=" " ind1=" " tag="260">
      <subfield code="c">2020-06-12T15:09:29Z</subfield>
   </datafield>
   <datafield ind2=" " ind1=" " tag="260">
      <subfield code="c">2020-06-12T15:09:29Z</subfield>
   </datafield>
   <datafield ind2=" " ind1=" " tag="260">
      <subfield code="c">2020</subfield>
   </datafield>
   <datafield ind2=" " ind1=" " tag="260">
      <subfield code="c">2020-06-12T15:09:29Z</subfield>
   </datafield>
   <datafield ind2=" " ind1=" " tag="520">
      <subfield code="a">Sr. director del VIIIè Congrés d'Història Moderna de Catalunya, senyores i senyors, congressistes, professorat de l'Àrea d'Història Mo- derna de la Facultat de Geografia i Història de la Universitat de Bar- celona  de fet, impulsors del Congrés , estudiants: el VIIIè Congrés d'Història Moderna de Catalunya, «Catalunya i el Mediterrani», ha arribat a la seva cloenda. Comença el temps, fructífer, de recapitulació i valoració dels resultats, dels treballs i de la recerca presentada, plante- jada, debatuda, que adquirirà la seva forma definitiva quan assistim a la publicació de les actes. Com és ja un costum arrelat, les conferèn- cies i ponències del VIIIè Congrés seran publicades íntegrament en format paper dins la revista de l'Àrea, Pedralbes. Revista d'Història Mo- derna. Les comunicacions també seran publicades en el marc de la re- vista, però en format digital. Tot el conjunt, a la vista de la rica dinà- mica del Congrés, constituirà una aportació ben significativa a la historiografia general de l'època moderna i a la historiografia catalana en concret.</subfield>
   </datafield>
   <datafield tag="653" ind2=" " ind1=" ">
      <subfield code="a">Història moderna</subfield>
   </datafield>
   <datafield tag="653" ind2=" " ind1=" ">
      <subfield code="a">Catalunya</subfield>
   </datafield>
   <datafield tag="653" ind2=" " ind1=" ">
      <subfield code="a">Congressos</subfield>
   </datafield>
   <datafield tag="653" ind2=" " ind1=" ">
      <subfield code="a">Modern history</subfield>
   </datafield>
   <datafield tag="653" ind2=" " ind1=" ">
      <subfield code="a">Catalonia</subfield>
   </datafield>
   <datafield tag="653" ind2=" " ind1=" ">
      <subfield code="a">Congresses</subfield>
   </datafield>
   <datafield ind2="0" ind1="0" tag="245">
      <subfield code="a">Memòria final del VIIIè Congrés d'Història Moderna de Catalunya</subfield>
   </datafield>
</record></metadata></record></GetRecord></OAI-PMH>